书目信息 |
| 书名: | Mechanical properties of materials | |
| 作者: | Yu Haisheng, Sergiy N. Shukayev, Mamoun Medraj | |
| 分册号: | ||
| 分册名: | 出版地: | Beijing : |
|
| 出版社: | Metallurgical Industry Press | |
| 出版时间: | c2005. | |
| 页数: | ix, 240 p. ; | |
| 开本: | ill. ; | |
| 丛书名: | ||
| 中图分类号: | ||
| 科图分类号: | ||
| 其他分类号: | TB301 | |
| 主题词: | ||
| 电子资源: | ||
| 000 | 01045nam 2200313 a 4500 | |
| 001 | E0740187039 | |
| 004 | 001217621 | |
| 004 | 001217621 | |
| 005 | 20070309111002.29 | |
| 008 | 000 0 eng | |
| 008 | 4001uueng0000000 | |
| 008 | 4001uueng0000000 | |
| 020 | @a7502437487. | |
| 040 | @aCcBjTSG | |
| 090 | @aTB303 @bY94 | |
| 090 | @aTB301 | |
| 096 | @aTB303 | |
| 099 | @dTB301@ex3 | |
| 100 | 1 | @aYu, Haisheng. |
| 245 | 10 | @aMechanical properties of materials / @cYu Haisheng, Sergiy N. Shukayev, Mamoun Medraj |
| 246 | 13 | @a材料的力学性能 |
| 260 | @aBeijing :@bMetallurgical Industry Press,@cc2005. | |
| 300 | @aix, 240 p. ;@cill. ;@c26 cm. | |
| 504 | @aIncludes bibliographical references. | |
| 650 | 0 | @aMaterials @xMechanical properties. |
| 700 | 1 | @aShukayev, Sergiy N. |
| 700 | 1 | @aMedraj, Mamoun. @b01 @c20050902 @lNLC09 @h1108 @b40 @c20050920 @lNLC09 @h0921 @b40 @c20050920 @lNLC09 @h0925 @b40 @c20051013 @lNLC09 @h1411 |
| 852 | 91 | @bWWDY @k2-2005 @hTB303 @iY94 |
| 852 | 91 | @bWWJC @cJ09 @k2-2005 @hTB303 @iY94 |
| Mechanical properties of materials / / Yu Haisheng, Sergiy N. Shukayev, Mamoun Medraj.-Beijing : : Metallurgical Industry Press, , c2005. |
| ix, 240 p. ; ; ill. ; ; 26 cm. |
| Includes bibliographical references. |
| ISBN 7502437487. |
| ● |
| 相关链接 |
|
|
|
|
正题名:Mechanical properties of materials
索取号:TB301/x3
 
预约/预借
| 序号 | 登录号 | 条形码 | 馆藏地/架位号 | 状态 | 备注 |
| 1 | 0001437 | 300014375 | 第二样本阅览室/ [索取号:TB301/x3] | 在馆 | |
| 2 | 0001438 | 300014384 | 第四借阅区/ [索取号:TB301/x3] | 在馆 | |
| 3 | 0001439 | 300014393 | 第四借阅区/ [索取号:TB301/x3] | 在馆 | |
| 4 | 0001440 | 300014400 | 第四借阅区/ [索取号:TB301/x3] | 在馆 | |
| 5 | 0001441 | 300014419 | 第四借阅区/ [索取号:TB301/x3] | 在馆 |